000 00494nam a2200169 i 4500
001 55775
003 ES-MaACL
005 20230906163221.0
007 t|
008 030926s1949 sp ||||1| spa d
100 1 _aDexeus Font, Santiago.
_944049
245 1 0 _aTratado de obstetricia /
_cpor S. Dexeus Font.
250 _a[1ª ed.].
260 _aBarcelona :
_bSalvat,
_c1949 (
_fImp. Hispano-Americana)
300 _a2 v., 1 lám. :
_bil. ;
_c25 cm.
852 _aES-MaACL
_jE-1534-35
_bR.28687
999 _c55775
_d55775